000 00344nam a2200097Ia 4500
008 180130s9999 xx 000 0 und d
245 _cBarlow, David H.
_aBehavior therapy: covert sensitization for paraphilia
260 _c2014
300 _aBook title: Case studies in psychotherapy--Acession number C19075; pages 79-87
650 _aPSYCHOTHERAPY
999 _c353930
_d353930